BIBLIOTECA

SENCICO

Replanteo de los planos estructurales del Hospital II-2 Tarapoto / (Registro nro. 4201)

Detalles MARC
000 -LEADER
fixed length control field 01127nam a22002657a 4500
003 - CONTROL NUMBER IDENTIFIER
control field PE SENCICO BE
005 - DATE AND TIME OF LATEST TRANSACTION
control field 20251020182638.0
008 - FIXED-LENGTH DATA ELEMENTS--GENERAL INFORMATION
fixed length control field 230620b |||||||| |||| 00| 0 eng d
040 ## - CATALOGING SOURCE
Original cataloging agency PE SENCICO BE
Transcribing agency PE SENCICO BE
041 ## - LANGUAGE CODE
Language code of text/sound track or separate title spa
082 ## - DEWEY DECIMAL CLASSIFICATION NUMBER
Classification number I
-- TOP
-- 2017
Item number G71
100 1# - MAIN ENTRY--PERSONAL NAME
9 (RLIN) 1159
Personal name Gonzales Audante, Eric Steve
Relator term autor
245 1# - TITLE STATEMENT
Title Replanteo de los planos estructurales del Hospital II-2 Tarapoto /
Statement of responsibility, etc. Eric Steve Gonzales Audante
260 ## - PUBLICATION, DISTRIBUTION, ETC.
Place of publication, distribution, etc. Lima :
Date of publication, distribution, etc. 2017
300 ## - PHYSICAL DESCRIPTION
Extent 82 h. :
Other physical details planos pleg., il. col., diagrs. ;
Dimensions 29 cm.
500 ## - GENERAL NOTE
General note En la portada: Informe de experiencia laboral.
502 ## - DISSERTATION NOTE
Dissertation note Monografía de Titulación.-- Servicio Nacional de Capacitación para la Industria de la Construcción. Escuela Superior Técnica. Carrera Profesional Técnica en Topografía y Geodesía, 2017.
504 ## - BIBLIOGRAPHY, ETC. NOTE
Bibliography, etc. note Bibliografía: h. 77.
650 14 - SUBJECT ADDED ENTRY--TOPICAL TERM
9 (RLIN) 4
Topical term or geographic name entry element Topografía
650 20 - SUBJECT ADDED ENTRY--TOPICAL TERM
Topical term or geographic name entry element Hospitales
9 (RLIN) 1160
650 24 - SUBJECT ADDED ENTRY--TOPICAL TERM
9 (RLIN) 116
Topical term or geographic name entry element Levantamiento topográfico
710 1# - ADDED ENTRY--CORPORATE NAME
Corporate name or jurisdiction name as entry element Servicio Nacional de Capacitación para la Industria de la Construcción.
Subordinate unit Escuela Superior Técnica
9 (RLIN) 1065
910 ## - USER-OPTION DATA (OCLC)
-- hfp
-- hfp
942 ## - ADDED ENTRY ELEMENTS (KOHA)
Koha item type Monografía de Titulación
Source of classification or shelving scheme Dewey Decimal Classification
Existencias
Fecha de la última vez que lo usaron Número de ingreso o de inventario Pago total Signatura topográfica completa Precio efectivo desde Tipo de documento Estado perdido Estado dañado No es para préstamo Retirado Ubicación permanente Ubicación actual Fecha de adquisición
20/06/2023 I-00039   I/TOP/2017/G71 20/06/2023 Monografía de Titulación         Biblioteca Central Lima Biblioteca Central Lima 20/06/2023